00630nam a2200157 i 4500001000700000003000900007005001700016008004100033040002000074100003500094245014600129260006500275300002100340650001200361852009900373164819ES-MaACL20230906213020.0050809s1891 sp | |||||||| ||spa d aCAM bspa cCAM1 aSastre y Marqués, Francisco.10aHistoria farmacológica del curare b: discurso presentado para aspirar al Grado de Doctor en Farmacia / cpor Francisco Sastre y Marqués. aBarcelona : b[s.n.], c1891 (fTipo-Litografía La Condal) a38 p. ; c21 cm. 4aCurare. aES-MaACLjT-1050-F-3 z-- Enc. hol. conservando la cub. original z-- Enc. en un vol. facticio